| 000 | 00822cam a22002777a 4500 | ||
|---|---|---|---|
| 008 | 010629s2001 io 000 0 ind | ||
| 010 | _a 2001356989 | ||
| 020 | _a9799640105 | ||
| 040 |
_aDLC _cDLC _dDLC |
||
| 092 | 0 | 4 |
_a214.327172 _bT486 _221 |
| 099 |
_a04 _a214.327172 T486 |
||
| 100 | 1 | _aThontowi, Jawahir. | |
| 245 | 1 | 0 |
_aPesan perdamaian Islam / _cJawahir Thontowi. |
| 250 | _aCet. 1. | ||
| 260 |
_aYogyakarta : _bMadyan Press, _c2001. |
||
| 300 |
_ax, 234 p. ; _c21 cm. |
||
| 520 | _aIslam and social problems in Indonesia. | ||
| 650 | 0 |
_aIslam and social problems _zIndonesia. |
|
| 650 | 0 |
_aIslam _zIndonesia. |
|
| 650 | 0 | _aPeace. | |
| 902 | _a1 | ||
| 905 |
_aEman _eRev. |
||
| 905 |
_aJamal _eCat. |
||
| 942 |
_2ddc _cBK |
||
| 999 |
_c137313 _d137313 |
||